[Event "WCPL: Cardigan-Nidum"]
[Site "?"]
[Date "2016.04.16"]
[Round "6.18"]
[White "Van Kemenade, Julie"]
[Black "Griffiths, Hywel"]
[Result "0-1"]
[WhiteElo "1800"]
[BlackElo "1839"]
[Annotator "Kemenade"]
[PlyCount "68"]
[EventDate "2016.??.??"]

1. e4 c5 2. Nc3 Nc6 (2... e6 3. Qe2 Nc6 4. Nf3 a6 5. a4 {Van
Kemenade-Griffiths, WCPL 2014,0-1}) 3. f4 g6 4. Nf3 Bg7 5. Bc4 (5. Bb5 {
alternative}) 5... d6 (5... e6 {main}) 6. O-O (6. a3 e6 7. Ba2 Nf6 8. d3 O-O 9.
O-O a6 10. Ne2 {Van Kemenade-Taylor, West Wales op 2012,0-1}) 6... Nf6 7. d3
O-O 8. Ne2 (8. Qe1 {main}) (8. f5 {next}) 8... e6 (8... d5 9. exd5 Nxd5 10. Ng3
Nd4 11. Kh1 (11. c3 $11 {Fritz15}) 11... Bg4 $17 {Gisler-Groh, Rail 5
Countries Zakopane 2007,0-1}) (8... a6 9. a4 Bd7 10. Ng3 {Van Kemenade-Ellis,
Yorkshire League 1994,1/2-1/2}) 9. Bb3 (9. c3 d5 10. exd5 Nxd5 11. a3 {
Trinkl-Zieger, Baden ch Hockenheim 1994,1/2-1/2}) 9... Qb6 (9... b5 10. c3 c4
11. Bc2 cxd3 12. Bxd3 {Bohak-Mirkovic, YUG email 2000, 1/2-1/2}) (9... d5 10.
e5 Ne8 (10... Nd7 11. c3 b5 12. d4 $11 {Szalbirz-Kawaler, Wroclaw op 2013,0-1})
11. c3 $11 {Dugailliez- Gijsen, BEL ch op Westerlo 2010,0-1}) 10. Kh1 Nd4 11.
c3 (11. Nexd4 cxd4 12. c3 dxc3 13. bxc3 Bd7 $11 {Fritz15}) 11... Nc6 12. Qe1 e5
13. Rb1 (13. fxe5 dxe5 14. Be3 Ng4 15. Bg1 $14 {Fritz15}) (13. Qh4 Na5 14. fxe5
dxe5 15. Nxe5 Nxb3 16. axb3 Nh5 17. Nc4 Qxb3 18. Ne3 Qe6 19. Nd5 $14 {Fritz15})
13... a5 14. Qg3 (14. Qh4) 14... Nh5 15. Qf2 Bg4 16. h3 (16. Qh4 $14 {Fritz15})
(16. f5 $14 gxf5 17. h3 $16 {Fritz15}) 16... Bxf3 17. Qxf3 exf4 18. Bxf4 Nxf4
19. Nxf4 Ne5 20. Qg3 a4 21. Bd5 (21. Nd5 Qd8 22. Bd1 Nc6 23. Bg4 $11 {Fritz15})
21... Qc7 22. d4 (22. h4 {softening up g6} Qe7 23. h5 g5 (23... Kh8 24. hxg6
Nxg6 25. Nh5 Be5 26. Qg4 $16) 24. Ne2 (24. h6 Bxh6 25. Nh5 Kh8 26. d4 cxd4 27.
cxd4 Nc6 28. Nf6 Bg7 29. Qxg5 $14 Nxd4 30. Nxh7 Qxg5 31. Nxg5 $16) 24... Kh8
25. Rf2 $14 {Fritz15}) 22... cxd4 23. cxd4 Nc6 24. Rbc1 (24. Rbd1 $11 {Fritz15}
Nxd4 25. Nh5 Ne6 26. Nxg7 Kxg7 (26... Nxg7 27. Rf6 $11) 27. Bxe6 fxe6 28. Rxf8
Rxf8 29. Qxd6 $11 (29. Rxd6 $11 Qc1+ 30. Kh2 Qxb2 31. Rd7+ Rf7 32. Rxf7+ Kxf7
33. Qc7+ {peepetual})) 24... Bxd4 (24... Qd7 25. Rcd1 Nxd4 26. Rxd4 Bxd4 27.
Nxg6 Bg7 (27... hxg6 28. Qxg6+ Bg7 29. Rf4 $1 {Fritz15 & Komodo9} Qc7 30. Rh4 (
30. Rg4 Qc1+ 31. Kh2 Qxb2 $11) 30... Rfe8 31. Rg4 $18) 28. Nxf8 Rxf8 29. b3 $14
{Fritz15}) 25. Rc2 (25. Nxg6 $1 $18 {Fritz15} hxg6 26. Qxg6+ Bg7 27. Rf4 $1 Ne5
(27... Qe7 28. Rg4 Qe5 29. Rf1 (29. Rh4 Qxe4 {is a longer mate}) 29... Ne7 30.
Bxf7+ Rxf7 31. Qxf7+ Kh8 32. Rh4+ Qh5 33. Rxh5+ Bh6 34. Rxh6#) (27... Qd7 28.
Rh4 Rfc8 29. Rh7 Kf8 30. Qxg7+ Ke8 31. Rh8+ Ke7 32. Qxf7#) 28. Qxg7+ Kxg7 29.
Rxc7 $18) 25... Qe7 26. Qd3 (26. Qe1 Bg7 27. Nd3 Qd7 28. Rcf2 Nd8 29. Qb4 Rc8
30. Qb6 $11 {Fritz15}) 26... Nb4 (26... Bc5 $15 {Fritz15}) 27. Qxd4 Nxc2 28.
Qd2 (28. Qc3 $1 $11 {Fritz15} Rac8 29. Nxg6 $1 hxg6 30. Rxf7 Qxf7 (30... Rxf7
31. Qxc8+ Kg7 32. Bxf7 Qxf7 33. Qxc2 Qxa2 34. Qc3+ $11) 31. Qf6 Qxd5 32. Qxg6+
Kh8 33. Qh6+ {and Wh can have a draw by repetition immediately ( or even after
taking the Q first!) ; all Fritz15}) 28... Rac8 $17 29. Nxg6 {too late} (29.
Rc1 Qg5 30. Bxb7 Rc5 31. Rf1 Qf6 $19) 29... hxg6 30. Qh6 Qe5 {and the Q comes
to the rescue ( the only move)} 31. Qxg6+ Qg7 32. Qxd6 Ne3 33. Rf2 Rc1+ 34. Kh2
Nf1+ 0-1

[Event "WCPL:Cardiff-White Knights"]
[Site "?"]
[Date "2016.05.08"]
[Round "7.7"]
[White "Young, Alan"]
[Black "Brown, Thomas"]
[Result "0-1"]
[WhiteElo "2048"]
[BlackElo "2098"]
[PlyCount "74"]
[EventDate "2016.05.09"]

1. e4 c6 2. d4 d5 3. exd5 cxd5 4. c4 Nf6 5. Nc3 Nc6 6. Bg5 Be6 7. a3 g6 8. Bxf6
exf6 9. c5 Bg7 10. Bb5 O-O 11. Nge2 f5 12. O-O Qf6 13. Bxc6 bxc6 14. f4 Rfe8
15. Qd2 Bc8 16. b4 Ba6 17. a4 Bxe2 18. Nxe2 a6 19. Ra2 Re4 20. Qd3 Qe7 21. Rd2
Re8 22. Rf2 Qb7 23. Rb2 Re3 24. Qd1 R8e4 25. Kf1 Qe7 26. Rd2 h5 27. g3 h4 28.
Kg2 Bh6 29. Qc2 g5 30. Nc3 gxf4 31. Nxe4 fxe4 32. gxf4 Bxf4 33. Qd1 Qg5+ 34.
Kh1 h3 35. Qf1 Rc3 36. Rd1 $2 (36. Rc2 $11) 36... Be3 37. Rxf7 Qg2+ $1 0-1

[Event "WCPL:Cardiff-White Knights"]
[Site "?"]
[Date "2016.05.08"]
[Round "7.9"]
[White "Hewitt, William"]
[Black "Roberts, David L"]
[Result "0-1"]
[WhiteElo "2036"]
[BlackElo "1993"]
[PlyCount "96"]
[EventDate "2016.05.09"]

1. e4 e5 2. Nf3 Nc6 3. Bb5 Nd4 4. Nxd4 exd4 5. d3 c6 6. Bc4 Nf6 7. O-O d5 8.
exd5 Nxd5 9. Qf3 Be6 10. Nd2 Be7 11. Ne4 O-O 12. Bd2 b5 13. Bb3 c5 14. c4 Nb6
15. cxb5 c4 16. dxc4 Nxc4 17. Bxc4 Bxc4 18. Rfd1 Qb6 19. a4 Rad8 20. Ng3 Bd5
21. Qd3 Rfe8 22. b4 Bf6 23. Re1 Qb7 24. f3 Be5 25. Rxe5 Rxe5 26. Qxd4 Qe7 27.
Bc3 f6 28. Rd1 Rc8 29. f4 Bb3 30. fxe5 fxe5 31. Qg4 Rxc3 32. Nf5 Qc7 $2 (32...
Qf8 $142) 33. Rd8+ Kf7 34. Qxg7+ (34. Nd6+ $142) 34... Ke6 35. Nd4+ $2 (35.
Rd6+ $18 Kxf5 36. Qf6+ Ke4 37. Qh4+ Ke3 38. Qg3+ Ke4 39. Qg4+ Ke3 40. Qf3#)
35... exd4 36. Re8+ Kd5 37. Qg8+ Kd6 38. Rd8+ (38. Qf8+ $142) 38... Ke5 39.
Re8+ $2 $19 (39. Qg5+ $11) 39... Kf6 40. Qf8+ Bf7 41. Qh6+ Bg6 42. Qf8+ Kg5 43.
h4+ Kg4 44. Re1 Qg3 45. Rf1 Rc2 46. Qf3+ Qxf3 47. gxf3+ Kg3 48. Rd1 d3 0-1

[Event "WCPL:Abergavenny-Cardigan"]
[Site "?"]
[Date "2016.05.08"]
[Round "7.13"]
[White "Williams, A. Howard"]
[Black "Zeidler, Sven P"]
[Result "1-0"]
[WhiteElo "2323"]
[BlackElo "2186"]
[Annotator "Kemenade"]
[PlyCount "63"]
[EventDate "2016.??.??"]

1. d4 f5 2. g3 Nf6 3. Bg2 g6 4. c4 Bg7 5. Nf3 d6 6. O-O O-O 7. Nc3 c6 8. Rb1 {
a work in progress} (8. b3 a5 {same players, WCPL 2009, 1/2-1/2} (8... Qa5 {
same players, WLS ch 2011,1-0})) (8. d5 e5 9. dxe6 Bxe6 10. Qd3 {same players,
WCPL 2011, 1/2-1/2}) 8... a5 {still moving on} (8... Ne4 9. Qc2 d5 {same
players, WCPL 2013,1/2-1/2} (9... e5 {same players, Dyfed Open 2013,1/2-1/2}))
9. Qb3 {looks strange: obstructing the b pawn whose advance the Rb1 was meant
to facilitate. Not mentioned in any of the theory books, yet it is the first
choice of the Cloud Engines & has become the second most played line in GM
practice;displacing the older a3 & just trailing behind d5} (9. b3 Na6 {same
players,WCPL 2015, 1/2-1/2; also Hebden-Zeidler, 4NCL 2016,1-0 & Williams- L.
Roberts, Dyfed Open 2016,1/2-1/2}) 9... Kh8 {most frequent, followed by} (9...
h6 10. Rd1 (10. c5+ Kh7 11. Rd1 Na6 $11 {Wang-Ivanchuk, China Elite Mind blitz
Huaian 2016,1-0}) 10... Nbd7 11. Qc2 Qe8 {Wojtaszek-Ivanchuk, World Cup Rapid
Riga 2013,1/2-1/2}) (9... Na6 {is the choice of the Cloud Engines & played via
internet quite often}) 10. Rd1 {main} (10. Na4 $14 {Cloud Engines}) 10... Ne4
$146 {but the position has been examined by the Cloud Engines in the last two
years} (10... Na6 {main, eg Bindich-Kamsky, Moscow Aeroflot 2016,0-1 &
Bai-Kamsky, Gibraltar Masters 2016, 1/2-1/2 [ also Keevil-Daanen, LSS internet
2013,1/2-1/2]}) 11. Be3 a4 {Bl tries to exploit the presence of the R on b1,
but it encourages Wh into the weakness on b6} (11... Na6 12. Nxe4 fxe4 13. Ng5
$14 {Komodo9.42 i( the latest version) n April 2016}) (11... Qe8 12. Na4 Nd7
$14 {Fritz15}) 12. Nxa4 Qa5 13. Nb6 Qxa2 14. Qc2 (14. Qd3 $16 {Fritz15} Ra6 15.
Nxc8 Rxc8 16. Ng5 Nxg5 17. Bxg5 Re8 18. Rd2 Nd7 19. b4 Qa3 20. b5 $16 (20. Qxa3
Rxa3 21. b5 $16 {Fritz15})) 14... Ra6 15. Nxc8 Rxc8 16. Ng5 (16. Ne1 Re8 17. f3
Nf6 18. Nd3 Ra4 19. Rbc1 Na6 20. Qc3 $14 {Fritz15}) 16... Nxg5 17. Bxg5 Ra4 18.
Rbc1 Rb4 (18... Re8 19. e4 fxe4 20. Bxe4 Rb4 21. Rd2 Na6 22. Be3 Nc7 $14 {
Fritz15}) 19. Rd2 (19. Bxe7 Rxb2 20. Qc3 Rxe2 21. Ra1 Qc2 22. Qxc2 Rxc2 23. Ra8
Rg8 24. Bxd6 $14 (24. Rb1 Nd7 25. Rxg8+ Kxg8 26. Rxb7 Rc1+ 27. Bf1 Nf6 28. Bxd6
Ne4 29. Rb8+ Kf7 30. Bf4 Rd1 31. Rb7+ Kg8 32. c5 Bxd4 33. Kg2 g5 34. Be2 Ra1
35. Bc4+ Kh8 36. Bd6 Rd1 $11 {Fritz15})) 19... Re8 20. e4 c5 $6 {trying to
open the centre to connect his pieces stuck on the Q side with the rest, but
fatally weakens his K side} (20... fxe4 21. Bxe4 Na6 $14) 21. exf5 $18 Bxd4 (
21... Nc6 22. fxg6 Nxd4 23. Qd1 Ne6 24. Be3 hxg6 25. Be4 Ra8 26. Bxg6 $1 $18 (
26. Qg4 Nf8 27. Qh3+ (27. Rxd6 $18 {eliminates e6 as a reply if taken} exd6 28.
Qh3+ Nh7 (28... Kg8 29. Bd5+) 29. Bxg6 Kg8 30. Bxh7+ Kf8 31. Qf5+ Ke7 32. Bg5+
Bf6 (32... Ke8 33. Bg6#) 33. Bxf6+ Kf7 34. Bg5+ Kg7 35. Qg6+ Kh8 36. Bf6#)
27... Kg8 28. Bd5+ e6 29. Bxe6+ Nxe6 30. Qxe6+ Kh8 (30... Kh7 31. Rxd6) 31.
Qxg6 b6 32. Rd5 Be5 33. f4 $18 {Fritz15}) 26... Rxc4 27. Rxc4 Qxc4 28. b3 Ra1
29. bxc4 Rxd1+ 30. Rxd1 $18 {Fritz15}) (21... cxd4 22. fxg6 Nc6 23. Qd1 hxg6
24. Be4 $18 Qa4 25. Qf1 {Fritz15}) 22. Rxd4 $1 (22. fxg6 Qxb2 23. Qd1 Bxf2+ 24.
Rxf2 Qg7 25. Qd5 Qxg6 26. Bxe7 {Fritz15, may be even stronger}) 22... cxd4 23.
Qe4 Qxb2 (23... Nd7 24. Qxd4+ (24. Qe6 Rxc4 25. Rxc4 Qb1+ 26. Bf1 Qxf5 27. Qxf5
gxf5 28. Rc7 Nf6 29. Rxe7 Rxe7 30. Bxf6+ Rg7 31. Bxd4 $18 {Fritz15}) 24... Ne5
25. Bxe7 $1 Rxc4 (25... Rxe7 26. Qxd6 Qxb2 27. Qd8+ Kg7 28. Qxe7+ Nf7 29. f6+
Qxf6 30. Qxb4 $18 {Fritz15}) 26. Bf6+ Kg8 27. Bd5+ Kf8 28. Bxc4 Nf3+ 29. Kg2
Nxd4 30. Bxa2 Nxf5 31. Rc7 $18 {Fritz15}) 24. Bf6+ $1 {a neat followup} exf6
25. Qxe8+ Kg7 26. Qe7+ Kh6 27. Qf8+ Kg5 28. h4+ Kg4 29. Re1 $1 {quickest} (29.
f3+ Kxg3 30. Qxd6+ Kxh4 31. Qh2+ Kg5 32. f4+ Kxf5 33. Bh3+ Ke4 34. Re1+ Kd3 35.
Bf1+ Kc3 36. Qg3+ Kd2 37. Re2+ Kc1 38. Qe1# {Fritz15}) 29... Qc3 30. Re4+ Kh5 (
30... Kxf5 31. g4#) 31. g4+ Kxh4 32. Qh6# 1-0

[Event "WCPL:Abergavenny-Cardigan"]
[Site "?"]
[Date "2016.05.08"]
[Round "7.14"]
[White "Morris, Charles F"]
[Black "Jones, Iolo C"]
[Result "1/2-1/2"]
[WhiteElo "2125"]
[BlackElo "2189"]
[Annotator "Kemenade"]
[PlyCount "66"]
[EventDate "2016.??.??"]

1. c4 Nf6 2. g3 (2. Nf3 e6 3. g3 b6 4. Bg2 Bb7 {same players, WCPL 2013, 1/2-1/
2}) 2... e5 3. Bg2 Nc6 4. Nc3 Bb4 (4... d6 5. d3 Be7 {same players, WCPL 2015,
1/2-1/2}) (4... Bc5 {main}) 5. Nd5 Bc5 6. Nf3 (6. e3 {main}) 6... O-O 7. O-O
Re8 (7... d6) 8. d3 Nxd5 (8... h6 {alternative}) 9. cxd5 Nd4 10. Ng5 (10. Nd2 {
main, more flexible}) 10... Be7 (10... d6 {Cloud Engines} 11. e3 Ne2+ 12. Qxe2
Qxg5 13. e4 Qg4 14. Bf3 Qg6 15. Kg2 c6 $11 {Bauer-Meschke, Wuerttemberg ch
Stuttgart 2004,1-0}) (10... a5 11. e3 Nf5 (11... Ne2+) 12. Qh5 Nh6 13. Be4 $16
{Pavlov-Varga, POL -HUN rapid Katowice 2015,1-0}) 11. Ne4 (11. Nxf7 Kxf7 12. e3
Nb5 13. Qh5+ Kg8 14. Be4 h6 (14... g6 15. Bxg6 hxg6 16. Qxg6+ $11) 15. Qg6 Nd6
16. Qh7+ Kf8 17. Bg6 (17. f4 Bf6 18. Bg6 Ke7 19. Bxe8 Qxe8 20. Bd2 Kd8 21. Bc3
$11 {Fritz15}) 17... Nf7 18. e4 d6 19. f4 $18 {Nicholson-Kinlay, BCF U20
Clacton 1974,1-0}) 11... d6 12. e3 Nf5 13. Bd2 Bd7 14. Ba5 Qb8 {Fritz15} (14...
Qc8 {Fritz15}) 15. Rc1 c5 16. dxc6 bxc6 17. b4 Bd8 (17... d5 18. Nc5 Bxc5 19.
Rxc5 Nd6 $11 {Fritz15}) 18. Qg4 (18. Bxd8 Rxd8 19. Qg4 Kh8 20. Ng5 Nh6 21. Qe4
f5 22. Qc4 d5 23. Qc5 $16 {Fritz15}) 18... d5 (18... h6 $11 {Fritz15}) 19. Nc5
(19. Bxd8 Qxd8 20. Nc5 Bc8 21. Qd1 Nd6 22. Qa4 Qb6 23. a3 $14 {Fritz15}) 19...
Bc8 20. Bxd8 Rxd8 21. Qh5 (21. Rb1 Qb6 22. Qe2 $14 {Fritz15}) 21... g6 (21...
Qxb4 22. e4 dxe4 23. Nxe4 Qe7 24. Rxc6 Bb7 25. Nf6+ gxf6 26. Qxf5 Bxc6 27. Bxc6
Rac8 28. Be4 Qd6 29. Qxh7+ Kf8 30. Rb1 Rc7 31. h4 $11 {Fritz15}) 22. Qg5 Qd6
23. e4 (23. d4 e4 (23... exd4 24. e4 dxe4 25. Nxe4 Qe7 26. Rxc6 Qxg5 27. Nxg5
Rb8 28. a3 Nd6 $11) 24. Rc2 $11 {Fritz15}) 23... f6 24. Qd2 Nd4 $11 25. a3 Rb8
(25... a5) 26. f4 dxe4 (26... a5 $11) 27. Nxe4 Qe7 28. fxe5 fxe5 29. Rce1 $14
Bf5 30. h3 Rf8 (30... a5 $11 {Fritz15}) 31. Nc5 Rbe8 (31... h5 $11) 32. Rf2 Bc8
33. Ref1 Rxf2 $11 {(draw?)} 1/2-1/2

[Event "WCPL:Abergavenny-Cardigan"]
[Site "?"]
[Date "2016.05.08"]
[Round "7.15"]
[White "Heap, Gerry"]
[Black "May, Frank"]
[Result "1-0"]
[WhiteElo "2048"]
[BlackElo "2121"]
[Annotator "Kemenade"]
[PlyCount "57"]
[EventDate "2016.??.??"]

1. c4 Nf6 2. Nc3 e6 3. e4 d5 4. e5 d4 5. exf6 dxc3 6. bxc3 Qxf6 7. Nf3 (7. d4
c5 (7... e5 {have been played by the top GMs})) 7... Nd7 {a little passive} (
7... e5 {main move of top GMs} 8. Bd3 {main} (8. d4 {also chosen} exd4 9. Bg5
Qe6+ 10. Be2 Be7 (10... dxc3 $2 11. Qd8# {Baragar-Hamilton, CAN ch Hamilton
1994,1-0}) 11. Bxe7 (11. cxd4) 11... Qxe7 12. cxd4 O-O 13. O-O $14 {
Heap-Williams, Dyfed League 2011,1/2-1/2}) 8... Na6) 8. d4 h6 9. Bd3 Bd6 10.
O-O O-O 11. Qe2 (11. c5 {Cloud Engines} Bf4 12. Ba3 (12. Rb1 Bxc1 13. Qxc1 $16
{Fritz15}) (12. Bxf4 Qxf4 13. g3 Qg4 14. Re1 $16 {Fritz15}) 12... c6 13. g3 Bc7
14. Nd2 (14. Re1 Rd8 15. Nd2 e5 16. Ne4 Qe6 17. Qe2 (17. Nd6 $16 {Fritz15})
17... Qh3 18. Qf3 Nf8 19. Bf1 Qf5 $11 {Lihosith-Varholakova,SVK ch tm 2012,0-1}
) 14... e5 $14 {Bevan-May, WCPL 2016,0-1}) 11... Re8 (11... b6 12. Qe4 Qf5 {
Stochfish5} 13. Qxf5 (13. Qxa8 Qxd3 14. Qxa7 Qxc3 15. Rb1 Qxc4 16. Ba3 Qxa2 17.
Ra1 Qd5 18. Bxd6 Qxd6 $14 {Fritz15}) 13... exf5 14. Nh4 g6 15. Bxh6 Re8 16.
Rfe1 $14 {Fritz15}) (11... c5 12. Qe4 Qf5 13. Qxf5 exf5 14. Nh4 Nb6 $14 {Cloud
Engines}) 12. Qe4 (12. c5 {Cloud Engines} Bf8 13. Qe4 Qf5 (13... g6 14. Bf4 c6
15. Rfe1 {Zita-De Souza Mendes, Buenos Aires ol 1939,1-0}) 14. Qxf5 exf5 15.
Bxf5 (15. Bf4 {Cloud Engines}) 15... Ne5 16. Be4 $16 {Naiditsch-Koykka, EU cup
Eilat 2012,1-0}) 12... c6 (12... Qf5 13. Qxf5 exf5 14. c5 Bf8 15. Bf4 c6 16.
Bxf5 $16 {Fritz15 & Houdini4}) (12... Nf8 13. c5 Be7 14. Ne5 {and Bl will not
get his intended e5 in; Guerra Bastida-Martinez Lopez, ESP ch tm 2012,1-0}) (
12... c5 13. Qh7+ Kf8 14. Nd2 Bc7 (14... Bxh2+ 15. Kxh2 Qf4+ 16. Kg1 {best the
Cloud Engines can find for Bl}) 15. Ne4 Qg6 16. Qxg6 fxg6 17. Ba3 Kf7 18. Nxc5
(18. dxc5 $16) 18... Nxc5 19. Bxc5 $16 {Maenhout-Denayer,BEL ch tm 2014, 1-0})
13. Be3 {why the caution?} (13. Qh7+ $18 Kf8 14. Nd2 $1 (14. Re1 Ke7 15. a4 Nf8
16. Qe4 Qg6 17. Qh4+ Qf6 18. Qh5 Ng6 19. g3 $18 {Florendo-Dong, Asean ch U20
Hue 2009,1-0}) 14... Qd8 15. Ne4 Nf6 16. Qh8+ Ke7 (16... Ng8 17. Nxd6 Qxd6 18.
Bh7 Ke7 19. Qxg7 Nf6 20. Bg6 Rf8 21. Bxh6 Nd7 22. c5 Qd5 23. Qh7 $18 {Fritz15})
) (13. Re1 Nf8 14. Ne5 Qe7 15. a4 f5 (15... c5 $14) 16. Qe2 Qf6 17. Ba3 $16 {
Ghaemmaghami-Gholami Orimi, Asian ch girls U16 Sari 2013,1-0}) 13... e5 (13...
Nf8 14. c5 Bc7 15. Rab1 $14) 14. Qh7+ Kf8 15. Rae1 $18 e4 {trying to block the
e file for a short while} (15... g5 16. dxe5 Nxe5 17. Nxe5 Rxe5 18. Bd4 c5 19.
f4 $1 gxf4 20. Rxe5 Bxe5 (20... cxd4 21. Rxf4 $18) 21. Bxc5+ Bd6 22. Bd4 Be5
23. Qe4 Bxd4+ 24. cxd4 Qg5 25. Rxf4 $18 {Fritz15}) 16. Bxe4 Ke7 17. Bxc6 (17.
Bg5 {Fritz15} Bxh2+ (17... hxg5 18. Bxc6+ Kd8 (18... Be5 19. Nxe5 Kd6 20. Qe4
$18) 19. Rxe8+ Kxe8 20. Qg8+ Bf8 21. Re1+ Kd8 22. Bxd7 Kxd7 23. Qxf8 Kc7 24.
Re7+ Bd7 25. Rxd7+ Kxd7 26. Qxa8 $18 {Fritz15}) 18. Nxh2 hxg5 19. Bxc6+ Kd6 (
19... Kd8 20. Rxe8+ Kxe8 21. Qh8+ Ke7 22. Re1+ Kd6 23. Ng4 $18) 20. Rxe8 Kxc6
21. Ng4 Qf4 22. Re4 $18 {Fritz15}) 17... Kd8 18. Ba4 (18. Bg5 $1 {Fritz15})
18... Nf8 19. Qb1 (19. Bg5 $1 {Fritz15} Nxh7 20. Rxe8+ Kc7 21. Bxf6 Nxf6 22.
Rh8 b6 23. Re1 Bb7 24. Rxa8 Bxa8 25. Ne5 $18) 19... Re7 (19... Re6 20. d5 (20.
c5 Bf4 21. d5 Bxe3 22. fxe3 Ra6 23. Nd4 Qg6 24. Qb4 $18) 20... Re7 21. Bd4 Qg6
22. Bc2 $18 {Fritz15}) 20. c5 Bc7 21. d5 Bf5 22. Bc2 (22. Qb4) 22... Bxc2 23.
Qxc2 Bf4 24. Bd4 (24. d6 Re6 25. Nd4) 24... Qg6 25. Qb3 Rb8 26. Rxe7 Kxe7 27.
Re1+ Kd8 28. Qa4 (28. Be5 Bxe5 29. Nxe5 Qf6 30. Nc6+ {Fritz15}) 28... Nd7 29.
Qxa7 (29. d6) 1-0